1130 1340 1120 1797 1327 1481 1355 1542 1180 1195 1594 1917 1086 1897 1452 1164 1555 1679 1931 1128 1093 1941 1953 1411 1448 1739 1850 1516 1718 1557 1458 1752 1225 1688 1906 1414 1426 1448 1838 1512 1465 1327 1906 1250 1257 1794 1528 1728 1977 1910 1232 1881 1678 1036 1188 1801 1800 1968 1972 1329 1025 1945 1668 1307 1088 1526 1539 1979 1736 1733 1564 1577 1662 1068 1762 1863 1520 1340 1479 1833 1864 1888 1766 1620 1882 1426 1886 1809 1546 1180 1275 1095 1850 1985 1083 1896 1176 1350 1649 BCNSPRNW ULIB Ver.6.0+V

เปลี่ยนเป็นภาษาไทย

Change to English
 แสดงรายละเอียดบรรณานุกรม
  กลับหน้าหลัก

Brief Record : Get Marc (ISO 2709) : E-mail record : QR code < ปิดหน้าต่าง
LEADER : 00000nam 2200000uu 4500
001    13399124521
003     ULIB
008    150819s||||||||th 000 0 tha d
099    วจ.WY18.8^bส875ค
100 0  สุวลักษรณ์ ตั้งประดิษฐ์
245 00 ความสัมพันธ์ระหว่างบุคลิกภา แบบการเรียน กับผลสัมฤทธิ์ทางการเรียนของนักศึกษาพยาบาลหลักสูตร.....
945    ^p0^l0^i023494
999    ^aเกษร โพธิ์สุวรรณ
รายการนี้ยังไม่มีแท็ก
คุณยังไม่ได้ล็อกอิน คุณสามารถมีกิจกรรมร่วมกับเว็บไซต์ได้ แต่ต้องล็อกอินก่อน ::
  ล็อกอิน

รายการสื่อสารสนเทศ

ลำดับที่ ประเภท เลขเรียก/บาร์โค้ด สถานที่ สถานะ
1. งานวิจัย
งานวิจัย
วจ.WY18.8 ส875ค ฉ.1 
  Barcode: 023494
ห้องสมุดวิทยาเขตสวรรค์ประชารักษ์
►วิจัย
บนชั้น

BibComment


ยังไม่เคยถูกคอมเมนท์

คอมเมนท์ทรัพยากรรายการนี้
  คอมเมนท์: ความสัมพันธ์ระหว่..


 Copyright 2026. Bcnsprnw @Library